00985 a2200169 45000010006000000050017000060080041000230030015000640400040000790800081001192450026002000200018002262640029002443000019002735050499002921000024007914876420260407155753.0260407a1990 arg spa dAR-UNSa-BCEJYS aAR-UNSa-BCEJYSbspacAR-UNSa-BCEJYS a514.12xGeometrías euclidianas y seudoeuclidianas. Geometría analítica10aGeometria Analítica a968-18-1176-3 1aMéxico :bLimusac1990 a494 p.c21 cm. a1. Sistemas de coordenadas - 2. Grafica de una evaluación y lugares geométricos - 3. La línea recta - 4. Evaluación de la circunferencia - 5. Transformación de coordenadas - 6. La parábola - 7. La elipse - 8. La hipérbola - 9. Ecuación general de segundo grado - 10. Coordenadas polares - 11. Ecuaciones paramétricas - 12. Curvas planas de grado superior - 13. El punto en el espacio - 14. El plano - 15. La receta en el espacio - 16. Superficies - 17. Curvas en el espacio. 1 aLehmann, Charles H.